00483nam a22001457a 4500020001500000040000900015082002000024100003100044245007500075260003500150650001200185942001200197999001900209952010900228 a0070568359 cNUST a621.104076bCHE aJosheph F. shelley9124009 a800 Solved Problems in Vector Mechanics for Engineers Volume 1 Statics aNew York:bMcGraw Hill,c1990. aStatics 2ddccBK c609986d609986 00102ddc4070aCEMEbCEMEcGENd2024-07-02l0o621.104076 CHEpCEME- 43767r2024-07-02w2024-07-02yBK